000
00463nam a2200145Ia 4500
008
100122s9999 xx 000 0 und d
082
_b
14350
_a
822
100
_a
कालेलकर मधुसूदन
245
_a
अपराध मीच केला
260
_b
रंजना प्रकाशन
_c
1964
300
_a
112
630
_a
अपराध मीच केला
730
_a
अपराध मीच केला
942
_c
BOOK
999
_c
404892
_d
404889